Jaivakrishi sahayi (Record no. 308186)
[ view plain ]
| 000 -LEADER | |
|---|---|
| fixed length control field | 00431nam a22001457a 4500 |
| 003 - CONTROL NUMBER IDENTIFIER | |
| control field | OSt |
| 008 - FIXED-LENGTH DATA ELEMENTS--GENERAL INFORMATION | |
| fixed length control field | 201204b xxu||||| |||| 00| 0 eng d |
| 082 ## - DEWEY DECIMAL CLASSIFICATION NUMBER | |
| Classification number | 634 |
| Item number | PRA/JA |
| 100 ## - MAIN ENTRY--PERSONAL NAME | |
| Personal name | Pradeesh, K R |
| -- | Dileep Kumar, A D |
| -- | Ambika, V D |
| -- | Priyanka, M |
| 245 ## - TITLE STATEMENT | |
| Title | Jaivakrishi sahayi |
| Remainder of title | shudha bakshanathinum naadinde aarogyathinum |
| 260 ## - PUBLICATION, DISTRIBUTION, ETC. (IMPRINT) | |
| Place of publication, distribution, etc. | Thiruvananthapuram |
| Name of publisher, distributor, etc. | Thanal |
| Date of publication, distribution, etc. | 2015 |
| 300 ## - PHYSICAL DESCRIPTION | |
| Extent | 72 p. |
| 500 ## - GENERAL NOTE | |
| General note | plant diseases |
| 942 ## - ADDED ENTRY ELEMENTS (KOHA) | |
| Koha item type | Books (General) |
| Withdrawn status | Lost status | Source of classification or shelving scheme | Damaged status | Not for loan | Collection code | Home library | Current library | Shelving location | Date acquired | Total Checkouts | Full call number | Barcode | Date last seen | Price effective from | Koha item type |
|---|---|---|---|---|---|---|---|---|---|---|---|---|---|---|---|
| Dewey Decimal Classification | College of Forestry, Vellanikkara | College of Forestry, Vellanikkara | 04/12/2020 | 634 PRA/JA | KAU_COF-G-580 | 04/12/2020 | 04/12/2020 | Books (General) |
